Instrumentación en la física : memorias de la Escuela Mexicana de Instrumentación y Metrología en la UASLP, 1991 /

Сохранить в:
Библиографические подробности
Главный автор: Urías, Jesús (edición)
Формат:
Язык:испанский
Опубликовано: San Luis Potosí, México : Editorial Universitaria Potosina ; Instituto de Investigación en Comunicación Optica, UASLP, 1992
Метки: Добавить метку
Нет меток, Требуется 1-ая метка записи!

MARC

LEADER 00000nam^a2200000^a^4500
001 000438879
005 20250526000000.0
009 20260310123257.174
020 |a 968-6194-46-0 
037 |a Acervo ITESO - Biblioteca 
041 |a ESP 
091 |a FHM. 09051 
100 |a Urías, Jesús  |e (edición) 
245 1 0 |a Instrumentación en la física :  |b memorias de la Escuela Mexicana de Instrumentación y Metrología en la UASLP, 1991 / 
264 1 |a San Luis Potosí, México :  |b Editorial Universitaria Potosina ;  |b Instituto de Investigación en Comunicación Optica, UASLP,  |c 1992 
300 |a 205 p. ;  |c 22.5 cm. 
336 |a texto  |b txt  |2 rdacontenido 
337 |a sin mediación  |b n  |2 rdamedio 
338 |a volumen  |b nc  |2 rdasoporte 
649 |a XX 
910 |a Fondo Hugo B. Margáin 
920 |a Impresos - Libros 
930 |a Libros Antiguos y Raros 
905 |a 126 
901 |a 0500307843  |b IT2  |c LRA  |i D110748  |u 20250526 
902 |a https://opac.biblio.iteso.mx/vufind/Record/000438879